Gaming Quiz

Random Gaming or Board Games Quiz

Gaming Books: The Subtitles Quiz Stats

 Plays Quiz Updated Aug 4, 2017

Support Sporcle.
Go Orange.
Score 0/15 Timer 04:00
0 Plays Today
% Correct
A Million Little Bricks
89.2%
The Art of Stone Skipping and Other Fun Old-time Games
83.3%
The Monopolists
81.5%
The Complete Book of Chess Strategy
80.5%
Super Mario
79.7%
Jacked
75.1%
Ghosts at the Table
70.4%
My Life as a Night Elf Priest
68.8%
% Correct
Toy Monster
67.3%
The Legend of Zelda
67.1%
Special When Lit
67%
Bits, Sticks, and Buttons
64.3%
Cornhusk, Silk, and Wishbones
62.9%
Of Dice and Men
55.3%
Reality Is Broken
51.1%

From the Vault

Hearts and Spades Logic Puzzle

by beforever

This is a vast improvement over the '52 Card Pick-Up' logic puzzle.
Remove Ads.
Support Sporcle.
Get the best of Sporcle when you Go Orange. This ad-free experience offers more features, more stats, and more fun while also helping to support Sporcle. Thank you for becoming a member.

Show Comments

Extras

Top Quizzes Today


Score Distribution

Your Account Isn't Verified!

In order to create a playlist on Sporcle, you need to verify the email address you used during registration. Go to your Sporcle Settings to finish the process.

Report this User

Report this user for behavior that violates our Community Guidelines.

Details: